Prezydenci Polski - Statystyki

Ogólne statystyki
  • Ten quiz został rozwiązany 101 razy
  • Średni wynik to 9 z 16
Statystyki odpowiedzi
Lata Urzędowania Prezydent % Poprawnych
2015-2025 Andrzej Duda
96%
2010-2015 Bronisław Komorowski
95%
2005-2010 Lech Kaczyński
92%
1995-2005 Aleksander Kwaśniewski
89%
1990-1995 Lech Wałęsa
89%
1989-1990 Wojciech Jaruzelski
84%
1922 Gabriel Narutowicz
74%
1947-1952PRL Bolesław Bierut
61%
1926-1939 Ignacy Mościcki
61%
1989-1990(na uchodźstwie) Ryszard Kaczorowski
45%
1922-1926 Stanisław Wojciechowski
44%
1939-1947(na uchodźstwie) Władysław Raczkiewicz
22%
1986-1989(na uchodźstwie) Kazimierz Sabbat
16%
1947-1972(na uchodźstwie) August Zaleski
14%
1979-1986(na uchodźstwie) Edward Raczyński
13%
1972-1979(na uchodźstwie) Stanisław Ostrowski
8%
Nie znaleziono quizów pasujących do podanych kryteriów
Rozkład punktacji
Procent ludzi z każdym wynikiem
Percentyl według liczby udzielonych odpowiedzi
Twoja historia wyników
Nie rozwiązałeś tego quizu